000 00967nam a2200265Ia 4500
003 OSt
005 20221005105607.0
006 a|||||r|||| 00| 0
007 ta
008 221004b |||||||| |||| 00| 0 hin d
020 _a9789383447923 (hbk)
_c500
024 _a23972
037 _b61, 30/12/2015, Mallika Books
_cTextual
040 _aCRL
_cCRL
_bhin
041 _2hin
_ahin
082 _aO152:g, Q6
100 _aमेहता, शैलेश के.
245 0 _aहिन्दी साहित्य के विविध परिदृश्य
246 _aHindī sāhitya ke vividh paridṛushya
260 _aनई दिल्ली
_bरावत प्रकाशन भारत
_c2016
300 _a114पृ0
_ccm.
650 _aहिन्दी साहित्य
942 _hO152:g, Q6
_cTEXL
_2cc
999 _c1016285
_d1016285